000 01188nam a22002537a 4500
003 OSt
005 20240712122601.0
008 240424q2002 sp a br 001 j spa d
020 _a9567240426
037 _aDonación
040 _aCO-JMCR
_bspa
_cCO-JMCR
_dCO-JMCR
_erda
041 0 _aspa
082 0 4 _aC
_bCANf
245 1 0 _aFábulas de siempre /
_cCoordinación de la edición Mirta Cancino Arellano.
260 _aBarcelona :
_bBIbliográfica internacional ,
_c©[2002]
300 _a154 páginas :
_bIlustraciones a color ;
_c36 cm.
501 _aCon: presentación
505 0 _tEl herrero y el perro -- El cuervo imitando al águila -- Los dos gallos -- Las dos perras -- La cierva y el cervatillo -- La cigarra y la hormiga -- Asamblea de ratones -- La alondra, sus crías y el campesino -- La zorra y las uvas -- El delfín y el mono -- El lobo y la zorra -- La liebre y las ranas -- La paloma y la hormiga -- La zorra y el cuervo -- El león y el ratón.
650 1 4 _2JMCR
_aFabulas
_9346
650 2 4 _2JMCR
_aAnimales en la literatura
650 3 4 _2JMCR
_aCuentos infantiles
700 1 _aCancino Arellano, Mirta,
_eCoordinador de edición.
_943659
942 _2ddc
_cBK
999 _c30747
_d17131